| 000 | 01414cam a2200361 i 4500 | ||
|---|---|---|---|
| 001 | 200441015 | ||
| 003 | TR-AnTOB | ||
| 005 | 20260107145019.0 | ||
| 007 | ta | ||
| 008 | 721219s1966 xx 100 0 eng d | ||
| 035 | _a(OCoLC)520494 | ||
| 040 |
_aDLC _beng _erda _cODaWU _dOCoLC _dDLC _dTR-AnTOB |
||
| 041 | 0 | _aeng | |
| 050 | 0 | 0 |
_aQ101 _b.M55 1966 |
| 090 |
_aTOBBK Q101 _b.M55 1966 |
||
| 111 | 2 |
_aMinisterial Meeting on Science _n(2nd : _d1966 : _cParis) _9137419 |
|
| 245 | 1 | 0 | _aMinisterial Meeting on Science. |
| 264 | 1 |
_aParis, _bOrganisation for Economic Cooperation and Development, _c1966. |
|
| 300 |
_a4 volumes ; _c24 cm |
||
| 336 |
_atext _btxt _2rdacontent |
||
| 337 |
_aunmediated _bn _2rdamedia |
||
| 338 |
_avolume _bnc _2rdacarrier |
||
| 505 | 1 |
_tVolume 2 : Government and allocation of resources to science -- _tVolume 3 : Government and technical innovation -- _tVolume 4. The social sciences and the policies of governments. |
|
| 650 | 0 |
_aScience and state _940824 |
|
| 710 | 2 |
_aOrganisation for Economic Co-operation and Development _933753 |
|
| 740 | 0 | _aFundamental research and the policies of governments. | |
| 740 | 0 | _aGovernment and allocation of resources to science. | |
| 740 | 0 | _aGovernment and technical innovation. | |
| 740 | 4 | _aThe social sciences and the policies of governments. | |
| 942 |
_2z _cBK |
||
| 999 |
_c200441015 _d59227 |
||